FIFAワールドカップ 日本代表スタメン - Statistics

General Stats
  • This quiz has been taken 49 times
  • The average score is 185 of 355
Answer Stats
大会 相手/OUT選手背番号 Answer % Correct
本田圭佑
97%
本田圭佑
97%
本田圭佑
97%
本田圭佑
97%
本田圭佑
97%
本田圭佑
97%
本田圭佑
97%
10 本田圭佑
97%
10 本田圭佑
97%
8 本田圭佑
97%
長友佑都
94%
長友佑都
94%
長友佑都
94%
長友佑都
94%
長友佑都
94%
長友佑都
94%
長友佑都
94%
長友佑都
94%
長友佑都
94%
長友佑都
94%
長友佑都
94%
長友佑都
94%
長友佑都
94%
長友佑都
94%
長友佑都
94%
香川真司
90%
18 香川真司
90%
香川真司
90%
香川真司
90%
香川真司
90%
香川真司
90%
5 三笘薫
87%
2 三笘薫
87%
5 三笘薫
87%
5 三笘薫
87%
中田英寿
84%
中田英寿
84%
中田英寿
84%
中田英寿
84%
中田英寿
84%
中田英寿
84%
中田英寿
84%
中田英寿
84%
中村俊輔
84%
中田英寿
84%
中村俊輔
84%
中田英寿
84%
中村俊輔
84%
8 中村俊輔
84%
遠藤保仁
81%
遠藤保仁
81%
遠藤保仁
81%
遠藤保仁
81%
17 遠藤保仁
81%
17 遠藤保仁
81%
久保建英
81%
久保建英
81%
2022カタール ドイツ 権田修一
77%
遠藤航
77%
17 堂安律
77%
コスタリカ 権田修一
77%
遠藤航
77%
堂安律
77%
スペイン 権田修一
77%
11 堂安律
77%
17 遠藤航
77%
クロアチア 権田修一
77%
遠藤航
77%
堂安律
77%
2010南アフリカ カメルーン 川島永嗣
74%
オランダ 川島永嗣
74%
デンマーク 川島永嗣
74%
パラグアイ 川島永嗣
74%
2014ブラジル コートジボワール 川島永嗣
74%
吉田麻也
74%
ギリシャ 川島永嗣
74%
吉田麻也
74%
コロンビア 川島永嗣
74%
吉田麻也
74%
2018ロシア コロンビア 川島永嗣
74%
吉田麻也
74%
セネガル 川島永嗣
74%
吉田麻也
74%
ポーランド 川島永嗣
74%
吉田麻也
74%
ベルギー 川島永嗣
74%
吉田麻也
74%
田中碧
74%
吉田麻也
74%
吉田麻也
74%
田中碧
74%
吉田麻也
74%
吉田麻也
74%
13 田中碧
74%
田中マルクス闘莉王
71%
長谷部誠
71%
8 岡崎慎司
71%
田中マルクス闘莉王
71%
長谷部誠
71%
16 岡崎慎司
71%
田中マルクス闘莉王
71%
長谷部誠
71%
8 岡崎慎司
71%
田中マルクス闘莉王
71%
長谷部誠
71%
8 岡崎慎司
71%
長谷部誠
71%
岡崎慎司
71%
長谷部誠
71%
岡崎慎司
71%
長谷部誠
71%
岡崎慎司
71%
長谷部誠
71%
15 岡崎慎司
71%
長谷部誠
71%
8 岡崎慎司
71%
岡崎慎司
71%
13 長谷部誠
71%
長谷部誠
71%
1998フランス アルゼンチン 川口能活
68%
中山雅史
68%
クロアチア 川口能活
68%
中山雅史
68%
ジャマイカ 川口能活
68%
中山雅史
68%
11 中山雅史
68%
2006ドイツ オーストラリア 川口能活
68%
クロアチア 川口能活
68%
ブラジル 川口能活
68%
大迫勇也
68%
大迫勇也
68%
大迫勇也
68%
大迫勇也
68%
9 大迫勇也
68%
大迫勇也
68%
19 南野拓実
68%
24 南野拓実
68%
8 南野拓実
68%
中澤佑二
61%
中澤佑二
61%
中澤佑二
61%
中澤佑二
61%
中澤佑二
61%
中澤佑二
61%
中澤佑二
61%
酒井宏樹
61%
酒井宏樹
61%
酒井宏樹
61%
酒井宏樹
61%
酒井宏樹
61%
前田大然
61%
前田大然
61%
前田大然
61%
15 酒井宏樹
61%
2002日韓 ベルギー 楢崎正剛
58%
稲本潤一
58%
ロシア 楢崎正剛
58%
稲本潤一
58%
チュニジア 楢崎正剛
58%
稲本潤一
58%
トルコ 楢崎正剛
58%
稲本潤一
58%
15 稲本潤一
58%
稲本潤一
58%
17 稲本潤一
58%
17 稲本潤一
58%
内田篤人
58%
内田篤人
58%
内田篤人
58%
板倉滉
58%
伊東純也
58%
11 冨安健洋
58%
板倉滉
58%
8 伊東純也
58%
板倉滉
58%
伊東純也
58%
15 冨安健洋
58%
伊東純也
58%
冨安健洋
58%
酒井高徳
55%
2 中村憲剛
52%
25 浅野拓磨
52%
21 浅野拓磨
52%
25 浅野拓磨
52%
25 浅野拓磨
52%
乾貴士
48%
乾貴士
48%
11 乾貴士
48%
乾貴士
48%
守田英正
48%
谷口彰悟
48%
守田英正
48%
谷口彰悟
48%
守田英正
48%
10 柿谷曜一朗
45%
9 柿谷曜一朗
45%
柴崎岳
45%
柴崎岳
45%
柴崎岳
45%
柴崎岳
45%
上田綺世
45%
井原正巳
42%
井原正巳
42%
井原正巳
42%
18 三都主アレサンドロ
42%
三都主アレサンドロ
42%
三都主アレサンドロ
42%
三都主アレサンドロ
42%
三都主アレサンドロ
42%
大久保嘉人
42%
大久保嘉人
42%
大久保嘉人
42%
16 今野泰幸
42%
大久保嘉人
42%
山口蛍
42%
18 大久保嘉人
42%
今野泰幸
42%
山口蛍
42%
大久保嘉人
42%
今野泰幸
42%
大久保嘉人
42%
14 山口蛍
42%
7 山口蛍
42%
山口蛍
42%
7 山口蛍
42%
鎌田大地
42%
鎌田大地
42%
鎌田大地
42%
鎌田大地
42%
14 宇佐美貴史
39%
宇佐美貴史
39%
5 伊藤洋輝
39%
名波浩
35%
名波浩
35%
名波浩
35%
10 小野伸二
35%
小野伸二
35%
小野伸二
35%
小野伸二
35%
小野伸二
35%
高原直泰
35%
13 小野伸二
35%
高原直泰
35%
11 高原直泰
35%
原口元気
35%
原口元気
35%
原口元気
35%
駒野友一
32%
駒野友一
32%
松井大輔
32%
駒野友一
32%
松井大輔
32%
駒野友一
32%
松井大輔
32%
駒野友一
32%
松井大輔
32%
昌子源
32%
昌子源
32%
昌子源
32%
城彰二
29%
城彰二
29%
城彰二
29%
7 小笠原満男
29%
小笠原満男
29%
小笠原満男
29%
相馬勇紀
29%
秋田豊
26%
9 呂比須ワグナー
26%
秋田豊
26%
10 呂比須ワグナー
26%
秋田豊
26%
18 呂比須ワグナー
26%
戸田和幸
26%
柳沢敦
26%
4 宮本恒靖
26%
宮本恒靖
26%
戸田和幸
26%
柳沢敦
26%
宮本恒靖
26%
戸田和幸
26%
柳沢敦
26%
宮本恒靖
26%
戸田和幸
26%
宮本恒靖
26%
柳沢敦
26%
宮本恒靖
26%
加地亮
26%
柳沢敦
26%
13 玉田圭司
26%
加地亮
26%
玉田圭司
26%
17 玉田圭司
26%
16 玉田圭司
26%
槙野智章
26%
山根視来
26%
9 岡野雅行
23%
中田浩二
23%
鈴木隆行
23%
中田浩二
23%
鈴木隆行
23%
5 福西崇史
23%
中田浩二
23%
鈴木隆行
23%
中田浩二
23%
14 鈴木隆行
23%
福西崇史
23%
福西崇史
23%
8 中田浩二
23%
松田直樹
19%
松田直樹
19%
松田直樹
19%
松田直樹
19%
巻誠一郎
19%
阿部勇樹
19%
阿部勇樹
19%
阿部勇樹
19%
阿部勇樹
19%
森重真人
19%
10 清武弘嗣
19%
武藤嘉紀
19%
相馬直樹
16%
相馬直樹
16%
相馬直樹
16%
2 大黒将志
16%
9 大黒将志
16%
9 大黒将志
16%
青山敏弘
16%
名良橋晃
13%
山口素弘
13%
名良橋晃
13%
山口素弘
13%
2 森島寛晃
13%
名良橋晃
13%
山口素弘
13%
森岡隆三
13%
11 森島寛晃
13%
明神智和
13%
明神智和
13%
13 森島寛晃
13%
明神智和
13%
西澤明訓
13%
22 森島寛晃
13%
19 茂庭照幸
13%
16 矢野貴章
13%
市川大祐
10%
5 市川大祐
10%
5 市川大祐
10%
坪井慶介
10%
坪井慶介
10%
3 平野孝
6%
小村徳男
6%
5 平野孝
6%
18 服部年宏
6%
中西永輔
3%
中西永輔
3%
No matching quizzes found
Score Distribution
Percent of People with Each Score
Percentile by Number Answered
Your Score History
You have not taken this quiz